Регионална библиотека "Любен Каравелов" - Русе

Социално подпомагане (Запис номер 111836)

MARC детайли
000 -Лидер
Контролно поле с фиксирана дължина 01828nam a2200385 c 4500
003 - Код на организацията, давaща контролен номер
Контролно поле BLK
005 - Дата и час на последна редакция
Контролно поле 20180422110044.0
008 - Елементи от данни с фиксирана дължина
fixed length control field 180409b bul|||||r ||||||| ||bul||
010 ## - Наследен системен номер
LC control number KNG00117188000
020 ## - Международен стандартен номер на книга ISBN
Международен стандартен номер на книга ISBN 954-23-0177-4
-- издат.: Акад. изд. Д. А. Ценов
040 ## - Източник на каталожния запис
Идентификатор на билиотеката - собственик на записа BLK
041 ## - Код за език
Код за езика на текст/звукозапис или на отделно заглавие Български
Код за езика КДБФ Български
080 ## - УДК
Текстов определител УДК Социални проблеми, които изискват оказване на помощ. Видове социална помощ. Социална работа
УДК код - определител по УДК 364
УДК определител (497.2)(075.8)
УДК - код + определител 364(497.2)(075.8)
080 ## - УДК
Текстов определител УДК Социално осигуряване. Работническо осигуряване
УДК код - определител по УДК 368.4
УДК определител (497.2)(075.8)
УДК - код + определител 368.4(497.2)(075.8)
100 1# - Редна дума - Автор
Автор Колев, Кольо Димитров
Авторска отговорност първи автор
R(LIN) 370528
139 ## - Редно поле
Редна дума Колев, Кольо Димитров и др.
Авторски знак Колев - К 78
245 10 - Сведения за заглавието
Заглавие Социално подпомагане
Редно поле (дума) Кольо Димитров Колев; съавт. Маргарита Иванова.
257 ## - Страна на издаване
Страна на създаване/издаване България
260 ## - Област на издателските данни
-- Свищов
Име на издателя, разпространителя и проч. Акад. изд. Д. А. Ценов
Година на издаване 2004
300 ## - Физическа характеристика
Страници 180 с.
Илюстрации и др. със сх., табл.
Размери/Мащаб 23 см
380 ## - Жанр
Жанр Обществени науки
500 ## - Общи забележки
Забележка Изд. на Стоп. акад. Д. А. Ценов - Свищов. - Офс. изд. - 300 тир.
650 #4 - Допълнително описание по предмет – тема
Основно описание – тема или топоним Социални грижи - България
9 (RLIN) 244247
650 #4 - Допълнително описание по предмет – тема
Основно описание – тема или топоним Обществено осигуряване - България
9 (RLIN) 244245
653 ## - Ключова дума – ненормативна
Ключова дума социално осигуряване
653 ## - Ключова дума – ненормативна
Ключова дума социални грижи
653 ## - Ключова дума – ненормативна
Ключова дума инвалиди
653 ## - Ключова дума – ненормативна
Ключова дума деца
700 1# - Други автори (авторска отговорност)
Лично име Иванова, Маргарита
Автороска отговорност (Описва отношението между автора и произведението) съавт.
9 (RLIN) 365670
852 ## - Местоположение
Форматна сигнатура Цб 223672
856 4# - Електронен адрес и достъп
Електронен формат pdf - файл
Път до файла /url/
856 4# - Електронен адрес и достъп
Електронен формат pdf - файл
Път до файла /url/
942 ## - АРТИКУЛИ
Вид на библиотечния материал Книги
Скрит в OPAC Не
944 ## - СЪЗДАВАНЕ И РЕДАКЦИЯ на ЗАПИСА
Създаване/Редакция Създаване
Дата на регистрацията/редакция 22.04.2005
Служител, извършил регистрацията/редакцията Геновева_Генчева
944 ## - СЪЗДАВАНЕ И РЕДАКЦИЯ на ЗАПИСА
Създаване/Редакция Редакция
Дата на регистрацията/редакция 31.10.2016
Служител, извършил регистрацията/редакцията Теодора_Стоянова
999 ## - СИСТЕМНИ КОНТРОЛНИ НОМЕРА
Koha biblionumber 111836
Koha biblioitemnumber 111836
Наличности
Код за отписване Код за изгубен артикул Код за повреда Коз за рестрикции Код за отдаване Артикулен № Име на библиотеката - собственик Име на библиотеката, в която се намира в момента Статус (Текущо местоположение) Дата на вписване в системата Местоположение - отдел Цена в лева Инвентарен номер Систематично азбучна сигнатура Баркод Номер на екземпляра Цена в евро Служебна бележка Служебен тип на артикула
  Не е изгубен Не е повреден без рестрикции ползва се в читалня 179510 Регионална библиотека "Любен Каравелов" Русе Регионална библиотека "Любен Каравелов" Русе Хранилище 2005-05-16 Хранилище 0.00 120000694181 Цб 223672 120000694181 1 0.00 Дост: Dp Вид: Д N: 26 Дата: 16.06.2004 Книги
Vip Innovations Ltd, Rousse, Bulgaria 2025